000 00865nac a22002771u 4500
999 _c267
_d267
003 EG-ScBUE
005 20210321091633.0
008 200219s2002 le f 000 1 eng d
020 _a9953105219
020 _a9789953105215
040 _aEG-ScBUE
_beng
_erda
_cEG-ScBUE
_dEG-ScBUE
082 0 4 _a823.912
_bCON
_222
100 1 _aConrad, Joseph,‏
_d1857-1924,
_eauthor.
245 1 0 _aLord Jim :
_bwith an introduction and summaries /
_cJoseph Conrad.
264 1 _aBeirut :
_bYork Press,
_c2002.
300 _axiii, 367 pages ;
_c18 cm.
336 _2rdacontent
_atext
_btxt
337 _2rdamedia
_aunmediated
_bn
338 _2rdacarrier
_avolume
_bnc
490 0 _aYork classics
650 7 _aMerchant marine
_xOfficers
_vFiction.
_2BUEsh
_928390
651 _2BUEsh
653 _bHHUUEENN
_cMarch2021
655 _vReading book
_934232
942 _cBB
_k823C7541
_2ddc